000 00429nam a22001697a 4500
005 20160531111117.0
008 160531b xxu||||| |||| 00| 0 eng d
020 _a81-259-1371-8
041 _aeng
082 _b6284
100 _aGovindarajan, M
_91359
245 _aIndustrial Marketing Management
260 _aNew Delhi
_bVikas Publishing House (P) Ltd.
_c2004
300 _a251
650 _aManagement
_9241
942 _cBK
999 _c2225
_d2224